000 00963nam a22002297a 4500
005 20110722141853.0
010 _aB-427964
020 _a9780143099703
_c250.00
035 _aB-427964
037 _bBPPD/PUB
037 _bAllied Pub/Ven
082 _a230.1
100 _aPattanaik, Devdutt.
_931306
245 _aMyth-Mithya :
_c by Devdutt Pattanaik; illustrated by the author
_ba handbook of hindu mythology /
260 _aNew Delhi
_bPenguin Books
_c2006
270 _a11 Community Centre, Panchsheel Park,
_bNew Delh
_e110017
300 2 _a227p. .
_c19cm(pbk)
650 _aNovel
_9904
942 _2ddc
_cEN
_mPAT
_h230.1
999 _c54238
_d54238